[Event "SR 2. liga A 2007/2008"]
[Site "?"]
[Date "2008.03.08"]
[Round "10.8"]
[White "Javor, Jozef"]
[Black "Koutny, Pavel"]
[Result "0-1"]
[WhiteElo "1373"]
[BlackElo "1849"]
[PlyCount "20"]
[EventDate "2007.??.??"]

1. e4 c5 2. Nf3 Nc6 3. d4 cxd4 4. Nxd4 e6 5. c4 Bc5 6. Be3 Qb6 7. Nc3 Nxd4 8.
Bxd4 Bxd4 9. Na4 Bxf2+ 10. Ke2 Qe3# 0-1

[Event "SR 2. liga A 2007/2008"]
[Site "?"]
[Date "2008.03.08"]
[Round "10.8"]
[White "Navara, Vladimir"]
[Black "Novak, Stanislav"]
[Result "1-0"]
[WhiteElo "1836"]
[BlackElo "1999"]
[PlyCount "75"]
[EventDate "2007.??.??"]

1. d4 d5 2. c4 e6 3. Nc3 Nf6 4. Bg5 Nbd7 5. e3 Be7 6. Nf3 h6 7. Bh4 c6 8. cxd5
exd5 9. Bd3 Ne4 10. Bxe7 Qxe7 11. Qc2 Ndf6 12. h3 O-O 13. Bxe4 dxe4 14. Nd2 Re8
15. g4 b5 16. a3 a5 17. Nb3 Be6 18. Nc5 Bd5 19. Ne2 b4 20. a4 Rab8 21. b3 Nd7
22. Nxd7 Qxd7 23. Nf4 Qd6 24. Rc1 Rec8 25. O-O g5 26. Nxd5 Qxd5 27. Qc4 Qd6 28.
Rc2 Rb7 29. Rfc1 Qf6 30. Qa6 Rbc7 31. Qxa5 Qf3 32. Kh2 c5 33. Rf1 Kg7 34. dxc5
Rc6 35. Rg1 h5 36. Qxb4 f6 37. Qd4 R6c7 38. Rg3 1-0

[Event "SR 2. liga A 2007/2008"]
[Site "?"]
[Date "2008.03.08"]
[Round "10.8"]
[White "Takacs, Laszlo"]
[Black "Zitniak, Jozef"]
[Result "1-0"]
[WhiteElo "1646"]
[BlackElo "1992"]
[Annotator "Jurèák"]
[PlyCount "97"]
[EventDate "2007.??.??"]

1. e4 e5 2. Nf3 Nc6 3. Bc4 Nf6 4. d4 exd4 5. O-O Be7 6. e5 Ng4 7. Re1 d5 8. Bb5
Bd7 9. Bxc6 Bxc6 10. Nxd4 Nh6 11. e6 Ng8 12. Nf5 Bf6 13. Nxg7+ Bxg7 14. Qh5 Qf6
15. exf7+ Kf8 16. b3 Qxf7 17. Ba3+ Ne7 18. Qxf7+ Kxf7 19. Rxe7+ Kg6 20. Rxg7+
Kxg7 21. Bb2+ Kg6 22. Bxh8 Rxh8 23. f3 Re8 24. Kf2 Bb5 25. Nc3 Bc6 26. Rd1 Rd8
27. Ne2 Rf8 28. Rd4 Rf5 29. Rg4+ Kf7 30. Nd4 Rf6 31. Rg5 h6 32. Rf5 a6 33.
Rxf6+ Kxf6 34. Nxc6 bxc6 35. Ke3 c5 36. f4 h5 37. g3 Kf5 38. c3 a5 39. a3 c6
40. Kd3 h4 41. b4 cxb4 42. cxb4 hxg3 43. hxg3 axb4 44. axb4 Kg4 45. Kd4 Kf5 46.
b5 cxb5 47. Kxd5 Kg4 48. Kc5 Kxg3 49. f5 1-0

[Event "SR 2. liga A 2007/2008"]
[Site "?"]
[Date "2008.03.18"]
[Round "11"]
[White "Mihalik, Anton"]
[Black "Czucz, Andrej"]
[Result "0-1"]
[WhiteElo "1981"]
[BlackElo "1916"]
[PlyCount "90"]
[EventDate "2007.??.??"]
[TimeControl "300"]

1. e4 c5 2. Nc3 d6 3. g3 Nc6 4. Bg2 g6 5. d3 Bg7 6. Nge2 Nf6 7. O-O a6 8. h3
O-O 9. Kh2 Qc7 10. Be3 h6 11. Qd2 Kh7 12. f4 e6 13. g4 Ng8 14. Ng3 f5 15. exf5
exf5 16. gxf5 gxf5 17. Nd5 Qd8 18. c3 Be6 19. Rg1 Rc8 20. Nh5 Bh8 21. Bf3 Qe8
22. Qg2 Bxd5 23. Bxd5 Qxh5 24. Bf3 Qf7 25. Bd5 Qf6 26. Bf2 Nge7 27. Bb3 Na5 28.
Bc2 Nac6 29. Bb3 b5 30. Rae1 c4 31. dxc4 Rg8 32. Qf3 Na5 33. cxb5 Nxb3 34. axb3
Rxg1 35. Rxg1 axb5 36. Qb7 Rg8 37. Re1 Re8 38. Qxb5 Qf7 39. Qd7 Bf6 40. Qxd6
Rg8 41. Bd4 Bh4 42. Bf2 Ng6 43. Bxh4 Nxh4 44. Qe7 Nf3+ 45. Kh1 Rg1+ 0-1

[Event "SR 2. liga A 2007/2008"]
[Site "?"]
[Date "2008.03.18"]
[Round "11"]
[White "Mihalik, Marek"]
[Black "Schwarz, Dusan"]
[Result "0-1"]
[WhiteElo "2111"]
[BlackElo "2292"]
[PlyCount "84"]
[EventDate "2007.??.??"]
[TimeControl "300"]

1. d4 g6 2. e4 d6 3. Nc3 c6 4. Nf3 Bg7 5. h3 Nf6 6. a4 O-O 7. Bc4 Nxe4 8. Nxe4
d5 9. Bd3 dxe4 10. Bxe4 Nd7 11. c3 Nf6 12. Bc2 Qc7 13. O-O Be6 14. Re1 Bd5 15.
Qe2 Rfe8 16. Ne5 Rad8 17. f4 Nd7 18. f5 c5 19. Bf4 Nxe5 20. dxe5 e6 21. f6 Bxf6
22. c4 Bc6 23. Rad1 Bg7 24. Bd2 Rd7 25. Bc3 Red8 26. Rxd7 Rxd7 27. a5 Qd8 28.
Qe3 Bf8 29. Qf4 Be7 30. Re2 Bg5 31. Qf2 Qe7 32. Kh1 Bh4 33. Qe3 b6 34. axb6
axb6 35. Be4 Bxe4 36. Qxe4 Bg3 37. Rd2 Rxd2 38. Bxd2 Qd8 39. Qe2 Qa8 40. Qf1
Bxe5 41. Bc3 Bxc3 42. bxc3 Qe4 0-1

[Event "SR 2. liga A 2007/2008"]
[Site "?"]
[Date "2008.03.18"]
[Round "11"]
[White "Orosi, Peter"]
[Black "Gono, Michal"]
[Result "1-0"]
[WhiteElo "1884"]
[BlackElo "1682"]
[PlyCount "97"]
[EventDate "2007.??.??"]
[TimeControl "300"]

1. d4 d5 2. c4 c6 3. Nc3 Nf6 4. cxd5 cxd5 5. Nf3 Nc6 6. Bf4 Qa5 7. e3 Bg4 8. a3
Qb6 9. b4 e6 10. Qb3 Bxf3 11. gxf3 Nh5 12. Na4 Qd8 13. Bg3 Bd6 14. Nc5 Bxc5 15.
bxc5 Nxg3 16. fxg3 Rb8 17. Bb5 Ke7 18. Qc3 Qa5 19. Qxa5 Nxa5 20. Rb1 Rhc8 21.
Kd2 a6 22. Bd3 h6 23. Rb4 Nc6 24. Rb6 Kd7 25. Rhb1 Kc7 26. f4 f6 27. Rf1 Rf8
28. Bg6 Na5 29. Rxe6 Nc4+ 30. Kc3 Nxa3 31. Re7+ Kc6 32. e4 Nb5+ 33. Kd3 Nc7 34.
Re1 Rfd8 35. exd5+ Nxd5 36. Be8+ Rxe8 37. Rxe8 Rxe8 38. Rxe8 a5 39. Kc4 b5+ 40.
cxb6 Nxb6+ 41. Kc3 Nd5+ 42. Kb3 Kd7 43. Ra8 Ke6 44. Rxa5 Ne3 45. Kc3 Ng4 46.
d5+ Kd6 47. Kd4 Nxh2 48. Ra6+ Kd7 49. Ra7+ 1-0

[Event "SR 2. liga A 2007/2008"]
[Site "?"]
[Date "2008.03.18"]
[Round "11"]
[White "Pacher, Milan"]
[Black "Blatnicky, Miroslav"]
[Result "1-0"]
[WhiteElo "2410"]
[BlackElo "2147"]
[PlyCount "103"]
[EventDate "2007.??.??"]
[TimeControl "300"]

1. e4 e6 2. d4 d5 3. Nc3 Nf6 4. e5 Nfd7 5. f4 c5 6. Nf3 Nc6 7. Be3 cxd4 8. Nxd4
Nxd4 9. Bxd4 Bc5 10. Bxc5 Nxc5 11. Qd4 Qb6 12. O-O-O Bd7 13. h4 O-O-O 14. b4
Na6 15. Qxb6 axb6 16. a3 Kb8 17. Kb2 Rc8 18. Bd3 h5 19. Ne2 g6 20. Nd4 Rc7 21.
Rdg1 Rcc8 22. g4 hxg4 23. Rxg4 Rh7 24. Nf3 Rh5 25. Ng5 Be8 26. Rgg1 Rc7 27. Be2
Rh8 28. h5 Ba4 29. hxg6 Rxh1 30. Rxh1 Rxc2+ 31. Kb1 fxg6 32. Bd1 Rc3 33. Kb2
Bxd1 34. Kxc3 Bg4 35. Rh8+ Kc7 36. Rh7+ Kc8 37. Nf7 Nc7 38. Nd6+ Kb8 39. Kd4
Bf5 40. b5 Bg4 41. Rh8+ Ka7 42. Rc8 Na8 43. Rg8 Nc7 44. Rxg6 Be2 45. a4 Bd1 46.
Rg7 Kb8 47. Rg8+ Ka7 48. Nc8+ Kb8 49. Nxb6+ Ka7 50. Kc5 Bc2 51. Nc8+ Kb8 52.
Nd6+ 1-0

[Event "SR 2. liga A 2007/2008"]
[Site "?"]
[Date "2008.03.18"]
[Round "11"]
[White "Pobjecky, Ivan"]
[Black "Flak, Juraj"]
[Result "0-1"]
[WhiteElo "2040"]
[BlackElo "2035"]
[PlyCount "72"]
[EventDate "2007.??.??"]
[TimeControl "300"]

1. e4 e5 2. Nf3 Nc6 3. Bb5 a6 4. Ba4 Nf6 5. O-O Be7 6. Qe2 b5 7. Bb3 d6 8. a4
Bg4 9. c3 Rb8 10. axb5 axb5 11. Rd1 O-O 12. d3 b4 13. Bd5 Qd7 14. Bxc6 Qxc6 15.
h3 Bh5 16. c4 Ra8 17. Rxa8 Rxa8 18. Nbd2 Ra2 19. Nf1 Qa4 20. Ne3 c6 21. g4 Bg6
22. Qc2 b3 23. Qc3 Nd7 24. Nd2 Nc5 25. Nf5 Bxf5 26. exf5 Bf6 27. Ne4 Nxe4 28.
dxe4 Be7 29. Rd3 Ra1 30. Kg2 Rb1 31. Be3 Qa1 32. Qxb3 Rg1+ 33. Kf3 Qf1 34. Bg5
Qxh3+ 35. Ke2 Qf1+ 36. Kf3 Rh1 0-1

[Event "SR 2. liga A 2007/2008"]
[Site "?"]
[Date "2008.03.18"]
[Round "11"]
[White "Polacik, Igor"]
[Black "Manak, Jozef"]
[Result "1/2-1/2"]
[WhiteElo "2130"]
[BlackElo "2043"]
[PlyCount "34"]
[EventDate "2007.??.??"]
[TimeControl "300"]

1. Nf3 Nf6 2. c4 e6 3. e3 b6 4. b3 Bb7 5. Bb2 Be7 6. d4 O-O 7. Bd3 Ne4 8. O-O
f5 9. Nc3 d6 10. Nd2 Nxc3 11. Bxc3 e5 12. f3 Nd7 13. b4 Qe8 14. Qc2 Qh5 15. Nb3
Rf6 16. h3 Raf8 17. Kh2 Rh6 1/2-1/2

[Event "SR 2. liga A 2007/2008"]
[Site "?"]
[Date "2008.03.09"]
[Round "11.1"]
[White "Varga, David"]
[Black "Petrik, Stanislav"]
[Result "1-0"]
[WhiteElo "2223"]
[BlackElo "2272"]
[PlyCount "119"]
[EventDate "2007.??.??"]

1. e4 c5 2. Nf3 Nc6 3. Bb5 g6 4. c3 Nf6 5. Qa4 Bg7 6. O-O O-O 7. d4 cxd4 8.
cxd4 e5 9. d5 Nd4 10. Nxd4 exd4 11. Qxd4 Ng4 12. Qd1 Qh4 13. h3 Nh6 14. Nc3 d6
15. Qd2 a6 16. Bd3 Qd8 17. Qg5 f6 18. Qh4 Nf7 19. Be3 b5 20. Rac1 Ne5 21. Be2
Bd7 22. Bd4 b4 23. Nb1 Bb5 24. Bxb5 axb5 25. a3 f5 26. Qxd8 Raxd8 27. Bb6 Rd7
28. exf5 Rxf5 29. b3 Rb7 30. Rc8+ Rf8 31. Rxf8+ Kxf8 32. Be3 bxa3 33. Nxa3 b4
34. Nc2 Nd3 35. Rd1 Nc5 36. Bxc5 dxc5 37. Ne3 Ke7 38. Nc4 Bc3 39. Rd3 Bd4 40.
d6+ Kd7 41. Rf3 Ke6 42. Rf8 Ra7 43. Re8+ Kf7 44. Re4 Bf6 45. Kh2 Ra1 46. Ne5+
Kg7 47. Nd3 Rd1 48. Nxc5 Rxd6 49. Rxb4 Rd2 50. f4 Be7 51. Rb7 Kf8 52. Nd7+ Ke8
53. Ne5 Rc2 54. b4 Rc8 55. b5 g5 56. Nc6 Bd6 57. Rxh7 gxf4 58. Kg1 Ra8 59. Rh8+
Bf8 60. Ne5 1-0

[Event "SR 2. liga A 2007/2008"]
[Site "?"]
[Date "????.??.??"]
[Round "11.1"]
[White "Vass, Frantisek"]
[Black "Janos, Martin"]
[Result "1/2-1/2"]
[WhiteElo "2417"]
[BlackElo "2262"]
[PlyCount "147"]
[EventDate "2007.??.??"]
[WhiteTeam "Galanta"]
[BlackTeam "Doprastav D"]

1. d4 d5 2. Nf3 Nd7 3. Bf4 c6 4. Nbd2 Ngf6 5. e3 Nh5 6. Bg5 h6 7. Bh4 Qb6 8.
Rb1 g5 9. Bg3 Nxg3 10. hxg3 Bg7 11. c3 e5 12. dxe5 Nxe5 13. Nxe5 Bxe5 14. Bd3
Be6 15. Nf3 Bg7 16. Nd4 Bxd4 17. exd4 O-O-O 18. Qf3 Rde8 19. Kd2 c5 20. Qf6
cxd4 21. Qxd4 Qxd4 22. cxd4 Kc7 23. Rh2 Bd7 24. Rbh1 Re6 25. Rh5 Rf6 26. f3 g4
27. f4 Kd6 28. f5 Kc7 29. R1h4 Rb6 30. b3 a5 31. Rxg4 a4 32. Bc2 Ra8 33. Rg7
Be8 34. Rh7 Raa6 35. Rh1 axb3 36. Bxb3 Ba4 37. Rxf7+ Kb8 38. Bxd5 Rb2+ 39. Ke3
Bc6 40. Be6 Rxg2 41. Rxh6 Rxg3+ 42. Kf4 Rd3 43. Rh8+ Ka7 44. Rd8 Ra5 45. Rd6
Bg2 46. Kg5 Rg3+ 47. Kf6 Be4 48. Rc7 Rf3 49. Rc5 Rxc5 50. dxc5 Rc3 51. Ke7 Bxf5
52. Bxf5 Rxc5 53. Be6 Rh5 54. Rd3 Rh7+ 55. Kd6 Rh6 56. Rd4 b5 57. Re4 Kb6 58.
Kd5 Rh2 59. Kd4 Ka5 60. Bb3 Kb4 61. Rf4 Rh8 62. Kd5+ Ka5 63. Rf6 Rc8 64. Kd6
Rc3 65. Rf7 Kb6 66. Bd5 Rc2 67. Rb7+ Ka5 68. a3 Rc3 69. Bc6 Rxa3 70. Rxb5+ Ka4
71. Rb2+ Ka5 72. Kc7 Rc3 73. Kb7 Rb3+ 74. Rxb3 1/2-1/2

[Event "SR 2. liga A 2007/2008"]
[Site "?"]
[Date "2008.03.09"]
[Round "11.2"]
[White "Biro, Karol"]
[Black "Petenyi, Tamas"]
[Result "1/2-1/2"]
[WhiteElo "2188"]
[BlackElo "2211"]
[PlyCount "97"]
[EventDate "2007.??.??"]

1. d4 Nf6 2. c4 e6 3. Nf3 b6 4. g3 Bb7 5. Bg2 Bb4+ 6. Bd2 c5 7. Bxb4 cxb4 8.
O-O O-O 9. Nbd2 Qe7 10. Rc1 d6 11. Re1 Nbd7 12. e4 e5 13. Nh4 g6 14. Nf1 Rab8
15. Qd2 a5 16. Rcd1 Rfe8 17. f3 Nf8 18. Bh3 Bc8 19. Bxc8 Rbxc8 20. d5 Rxc4 21.
Ne3 Rd4 22. Nef5 Rxd2 23. Nxe7+ Rxe7 24. Rxd2 N8d7 25. Ng2 Nc5 26. Ne3 b5 27.
Rc1 Rb7 28. Nd1 Nfd7 29. Nf2 Kf8 30. Kf1 Ke7 31. Ke2 b3 32. a3 Nb6 33. Nd3 Nc4
34. Nxc5 dxc5 35. Rd3 a4 36. Rxc4 bxc4 37. Rc3 Kd6 38. Rxc4 Ra7 39. Kd3 f5 40.
Ke3 Ra8 41. Rc1 Rc8 42. Kd3 Rc7 43. g4 fxe4+ 44. fxe4 Rf7 45. Ke3 h6 46. h3 Rf8
47. Ke2 Rf7 48. Rc4 Ra7 49. Ke3 1/2-1/2

[Event "SR 2. liga A 2007/2008"]
[Site "?"]
[Date "2008.03.09"]
[Round "11.3"]
[White "Csiba, Dominik"]
[Black "Gazi, Mikulas"]
[Result "1-0"]
[WhiteElo "2131"]
[BlackElo "2184"]
[Annotator " , "]
[PlyCount "79"]
[EventDate "2007.??.??"]

1. d4 {0} Nf6 {0} 2. c4 g6 3. Nc3 d5 4. cxd5 Nxd5 5. e4 Nxc3 6. bxc3 Bg7 7. Bc4
c5 8. Ne2 O-O 9. O-O Nc6 10. Be3 cxd4 11. cxd4 b6 12. Rc1 Bb7 13. Qd2 Qd7 14.
Bb5 a6 15. Bxc6 Bxc6 16. d5 Bb5 17. Bxb6 e6 18. Rfd1 exd5 19. exd5 Rfe8 20. Nc3
Rac8 21. d6 Rc6 22. Ba5 Re6 23. Nxb5 Rxc1 24. Qxc1 Re5 25. Qc7 Qg4 26. f3 Qa4
27. Nc3 Qe8 28. Ne4 Qa4 29. Rd2 Rb5 30. Qc8+ Bf8 31. Bc3 Rb1+ 32. Kf2 g5 33.
Nf6+ Kg7 34. Qf5 Qh4+ 35. Ke3 Qe1+ 36. Kd4 Qg1+ 37. Kc4 Qf1+ 38. Rd3 Bxd6 39.
Qxh7+ Kf8 40. Qg8+ 1-0

[Event "SR 2. liga A 2007/2008"]
[Site "?"]
[Date "2008.03.09"]
[Round "11.3"]
[White "Hartl, Jan"]
[Black "Szollos, Ondrej"]
[Result "1/2-1/2"]
[WhiteElo "2186"]
[BlackElo "2146"]
[Annotator "Juèák"]
[PlyCount "35"]
[EventDate "2007.??.??"]

1. e4 d6 2. d4 c6 3. c4 Qc7 4. Nc3 e5 5. Nge2 Bg4 6. f3 Bh5 7. Be3 Be7 8. h4 h6
9. Qd2 Nd7 10. O-O-O O-O-O 11. g4 Bg6 12. h5 Bh7 13. Bh3 Kb8 14. g5 Nb6 15. b3
hxg5 16. Bxg5 Nf6 17. Bg2 Rhe8 18. h6 1/2-1/2

[Event "SR 2. liga A 2007/2008"]
[Site "?"]
[Date "2008.03.09"]
[Round "11.3"]
[White "Hecko, Dusan"]
[Black "Bury, Rastislav"]
[Result "1-0"]
[WhiteElo "2123"]
[BlackElo "2172"]
[Annotator "Fritz 9 (20s)"]
[PlyCount "63"]
[EventDate "2007.??.??"]

{C68: Ruy Lopez: Exchange Variation, sidelines} 1. e4 e5 2. Nf3 Nc6 3. Bb5 a6
4. Bxc6 dxc6 5. O-O Bg4 6. h3 Bxf3 7. Qxf3 Qf6 $2 8. Qxf6 (8. Qg3 Bd6 9. d4 Qg6
10. Qxg6 hxg6 11. dxe5 Bxe5 12. Nd2 O-O-O 13. Nc4 Bf6 14. c3) 8... Nxf6 9. d3
Nd7 ({kniz. Fritz} 9... Bd6) 10. Be3 Bc5 11. Bxc5 Nxc5 12. Nc3 Ne6 13. Ne2 Ke7
14. f4 f6 15. fxe5 fxe5 16. Rf5 Kd6 17. Raf1 Raf8 18. g4 g6 19. Rxf8 Rxf8 20.
Rxf8 Nxf8 21. g5 Ne6 22. h4 c5 23. c3 $2 (23. Kf2 b5 $11) 23... Nd8 (23... c4
24. d4 $15) 24. Kf2 $11 Nf7 25. Ng3 Ke6 26. Nf1 h6 27. gxh6 Nxh6 28. Ne3 Nf7
29. Kf3 c6 30. Kg4 Kf6 $2 (30... b5 $142 $5 $11) 31. Nc4 $16 Nd8 32. Nb6 $18
1-0

[Event "SR 2. liga A 2007/2008"]
[Site "?"]
[Date "2008.03.09"]
[Round "11.4"]
[White "Antala, Jan"]
[Black "Janos, Ivan"]
[Result "0-1"]
[WhiteElo "1942"]
[BlackElo "2120"]
[Annotator "jurèák"]
[PlyCount "70"]
[EventDate "2007.??.??"]

1. e4 c5 2. d4 e6 3. c3 Nf6 4. Bg5 Qb6 5. Qc2 cxd4 6. Bxf6 gxf6 7. cxd4 Nc6 8.
d5 Nd4 9. Qd2 Bh6 10. Qc3 exd5 11. exd5 O-O 12. Bd3 Re8+ 13. Kf1 d6 14. Na3 Bf5
15. Bxf5 Nxf5 16. Nc4 Qc5 17. Qd3 b5 18. Na3 Rac8 19. Ne2 Re5 20. Rd1 Rce8 21.
Ng3 Nd4 22. f3 Re3 23. Qb1 b4 24. Ne4 R3xe4 25. fxe4 bxa3 26. bxa3 Nc2 27. Rd3
Rxe4 28. Qb8+ Kg7 29. Rg3+ Bg5 30. Rxg5+ fxg5 31. Qb2+ Kg6 32. g3 g4 33. h3
Re1+ 34. Kg2 Qxd5+ 35. Kf2 Qf3# 0-1

[Event "SR 2. liga A 2007/2008"]
[Site "?"]
[Date "2008.03.09"]
[Round "11.4"]
[White "Rovnak, Peter"]
[Black "Bebiak, Jozef"]
[Result "0-1"]
[WhiteElo "2117"]
[BlackElo "2182"]
[PlyCount "70"]
[EventDate "2007.??.??"]

1. e4 c5 2. Nf3 d6 3. d4 cxd4 4. Nxd4 Nf6 5. Nc3 a6 6. Bg5 e6 7. Qd2 Be7 8.
O-O-O Nbd7 9. f3 O-O 10. g4 d5 11. exd5 Nxd5 12. Bxe7 Nxe7 13. f4 Qc7 14. Bg2
Rb8 15. Rdf1 b5 16. Ne4 e5 17. Nf5 Nxf5 18. gxf5 f6 19. Nd6 Kh8 20. h4 exf4 21.
Rxf4 Ne5 22. Rd1 a5 23. Kb1 b4 24. Rd4 Ba6 25. Be4 h6 26. Qg2 Rbd8 27. Bf3 a4
28. Bh5 b3 29. cxb3 axb3 30. Rg1 Bd3+ 31. Ka1 Rxd6 32. Rxd6 Rc8 33. Qd2 Qxd6
34. a3 Ra8 35. Qc1 Qd4 0-1

[Event "SR 2. liga A 2007/2008"]
[Site "?"]
[Date "2008.03.09"]
[Round "11.5"]
[White "Lesny, Stefan"]
[Black "Farkas, Vladimir"]
[Result "1/2-1/2"]
[WhiteElo "2114"]
[BlackElo "2076"]
[PlyCount "93"]
[EventDate "2007.??.??"]

1. e4 d6 2. f4 Nf6 3. d3 Nc6 4. Nf3 e5 5. Be2 g6 6. O-O Bg7 7. c3 O-O 8. Na3
Qe7 9. Qe1 h6 10. Nc4 b5 11. fxe5 dxe5 12. Ne3 a6 13. a4 Bb7 14. Qh4 Rfe8 15.
Bd2 Na5 16. Ra3 c5 17. axb5 axb5 18. Ng4 Nxg4 19. Qxg4 Nc6 20. Rxa8 Rxa8 21.
Ne1 Bc8 22. Qf3 Ra2 23. Bc1 Na5 24. Bd1 Be6 25. Qe3 Nc6 26. Nc2 Ra6 27. Qf3 c4
28. Be2 Na5 29. d4 Nb3 30. d5 Nxc1 31. Rxc1 Bd7 32. Qe3 Bf6 33. Rf1 Bg5 34. Qf2
Kg7 35. Bf3 f5 36. Nb4 Rf6 37. Qa7 fxe4 38. Nc6 Qd6 39. Bxe4 Rxf1+ 40. Kxf1 Kf6
41. Qb6 Bxc6 42. Qxc6 Qxc6 43. dxc6 Ke7 44. c7 Kd7 45. Bc6+ Kxc7 46. Bxb5 Bc1
47. Bxc4 1/2-1/2

[Event "SR 2. liga A 2007/2008"]
[Site "?"]
[Date "2008.03.09"]
[Round "11.5"]
[White "Syrovy, Ivan"]
[Black "Lobodas, Andrej"]
[Result "1-0"]
[WhiteElo "2097"]
[BlackElo "1938"]
[PlyCount "51"]
[EventDate "2007.??.??"]

1. e4 e6 2. d4 d5 3. Nd2 c5 4. exd5 Qxd5 5. Ngf3 Nc6 6. Bc4 Qh5 7. c3 cxd4 8.
cxd4 Bd6 9. Ne4 Bc7 10. O-O Nge7 11. Ng3 Bxg3 12. hxg3 O-O 13. Qe2 Rd8 14. Rd1
Nd5 15. Bf4 b6 16. Rac1 Bb7 17. a3 Nxf4 18. gxf4 Ne7 19. Ne5 Qh4 20. Nxf7 Kxf7
21. Qxe6+ Ke8 22. Qf7+ Kd7 23. Bb5+ Kd6 24. Re1 Bd5 25. Qxg7 Ng6 26. Qc7# 1-0

[Event "SR 2. liga A 2007/2008"]
[Site "?"]
[Date "????.??.??"]
[Round "11.6"]
[White "Goga, Frantisek"]
[Black "Nagy, Tomas"]
[Result "1/2-1/2"]
[WhiteElo "1990"]
[BlackElo "2183"]
[PlyCount "70"]
[EventDate "2007.??.??"]
[WhiteTeam "Doprastav D"]
[BlackTeam "Galanta"]

1. e4 c5 2. Nf3 d6 3. d4 cxd4 4. Nxd4 Nf6 5. Nc3 g6 6. Bd3 Bg7 7. O-O O-O 8.
Kh1 Nc6 9. Nxc6 bxc6 10. Rb1 Rb8 11. Be3 Ng4 12. Bd2 Bd4 13. Be1 Qb6 14. Na4
Qc7 15. Be2 Nxh2 16. Kxh2 Bg7 17. g3 f5 18. exf5 Bxf5 19. Bd3 Qd7 20. Nc3 Bxd3
21. Qxd3 Rf5 22. Rh1 Bxc3 23. Qxc3 Rbb5 24. Kg1 Qe6 25. Qxc6 Rxb2 26. Rc1 Rb8
27. Rh4 Rc8 28. Qa4 d5 29. Bd2 Qe2 30. Be3 Rcf8 31. Rf4 Rxf4 32. Bxf4 e5 33.
Be3 d4 34. Bxd4 exd4 35. Qxd4 a6 1/2-1/2

[Event "SR 2. liga A 2007/2008"]
[Site "?"]
[Date "2008.03.09"]
[Round "11.6"]
[White "Jurcak, Marian"]
[Black "Michal, Silvio"]
[Result "0-1"]
[WhiteElo "1922"]
[BlackElo "2083"]
[Annotator "Jurèák"]
[PlyCount "143"]
[EventDate "2007.??.??"]

1. e4 Nf6 2. e5 Nd5 3. d4 d6 4. Nf3 Nc6 5. c4 Nb6 6. e6 fxe6 7. Ng5 Qd7 8. Be3
e5 9. d5 Nd8 10. Bd3 Qg4 11. Qxg4 Bxg4 12. Nxh7 e6 13. Ng5 Be7 14. Nc3 O-O 15.
Nb5 Bf5 16. Be2 Bxg5 17. Bxg5 Nf7 18. Be3 exd5 19. Nxc7 d4 20. Bxd4 exd4 21.
Nxa8 Rxa8 22. g4 Bc2 23. Kd2 d3 24. b3 d5 25. c5 Nd7 26. Bxd3 Bxd3 27. Kxd3
Nxc5+ 28. Kd4 Ne4 29. f3 Neg5 30. Rhf1 Rd8 31. Rae1 Rd6 32. Re8+ Kh7 33. Re7
Ne6+ 34. Kc3 d4+ 35. Kd2 Nfd8 36. f4 Nc5 37. Rc1 Nc6 38. Re8 b6 39. h4 d3 40.
h5 Rd4 41. Rc4 Rxc4 42. bxc4 g6 43. hxg6+ Kxg6 44. f5+ Kg5 45. Rg8+ Kf4 46. Rg7
Ne5 47. Rxa7 Nxc4+ 48. Kc1 d2+ 49. Kc2 Ne4 50. Rd7 Ne3+ 51. Kb2 Kxg4 52. Rxd2
Nxd2 53. f6 Ndc4+ 54. Kb3 Nd6 55. a4 Nd5 56. a5 b5 57. a6 Nc7 58. a7 Kf5 59.
Kb4 Kxf6 60. Kc5 Ke7 61. Kb4 Kd7 62. Kb3 Kc6 63. Kb4 Kb6 64. Kb3 Kxa7 65. Kb4
Kb6 66. Kb3 Kc5 67. Kc3 Nd5+ 68. Kb3 b4 69. Kc2 Kc4 70. Kb2 b3 71. Kc1 Kc3 72.
Kd1 0-1

[Event "SR 2. liga A 2007/2008"]
[Site "?"]
[Date "2008.03.09"]
[Round "11.6"]
[White "Krajnak, Robert"]
[Black "Obdrzalkova, Anita"]
[Result "1/2-1/2"]
[WhiteElo "2118"]
[BlackElo "2064"]
[PlyCount "31"]
[EventDate "2007.??.??"]

1. c4 Nf6 2. Nc3 g6 3. g3 Bg7 4. Bg2 O-O 5. d3 d6 6. Nf3 c6 7. Bd2 Nbd7 8. b4
d5 9. cxd5 cxd5 10. Rc1 a6 11. Qb3 Nb6 12. e3 Bf5 13. Nb1 Bd7 14. Nc3 Bf5 15.
Nb1 Bd7 16. Nc3 1/2-1/2

[Event "SR 2. liga A 2007/2008"]
[Site "?"]
[Date "2008.03.09"]
[Round "11.7"]
[White "Ujhelyi, Matus"]
[Black "Novak, Stanislav"]
[Result "1-0"]
[WhiteElo "1915"]
[BlackElo "1999"]
[PlyCount "67"]
[EventDate "2007.??.??"]

1. e4 d6 2. d4 Nf6 3. f3 g6 4. c4 Bg7 5. Nc3 O-O 6. Be3 b6 7. Qd2 Bb7 8. O-O-O
Qc8 9. g4 c5 10. d5 Na6 11. h4 Nc7 12. Bh6 a6 13. Bxg7 Kxg7 14. h5 Rh8 15. Be2
b5 16. f4 Nxg4 17. Bxg4 Qxg4 18. Nge2 bxc4 19. f5 Rag8 20. Rdg1 Qf3 21. Nf4 g5
22. Rh3 Qxh3 23. Rxg5+ Kf8 24. Rxg8+ Rxg8 25. Nxh3 Rg3 26. Qh6+ Ke8 27. Ng5 Nb5
28. Nxb5 axb5 29. Nxh7 b4 30. f6 Rg1+ 31. Kd2 Rg2+ 32. Ke3 Rg8 33. fxe7 Kxe7
34. Qf6+ 1-0

[Event "SR 2. liga A 2007/2008"]
[Site "?"]
[Date "2008.03.09"]
[Round "11.7"]
[White "Zacik, Anton"]
[Black "Sosovicka, Juraj"]
[Result "1-0"]
[WhiteElo "1719"]
[BlackElo "2088"]
[Annotator "Jurèák"]
[PlyCount "49"]
[EventDate "2007.??.??"]

1. e4 e5 2. Nf3 Nf6 3. Nxe5 d6 4. Nf3 Nxe4 5. Bd3 Nf6 6. h3 Be7 7. O-O O-O 8.
c3 b6 9. Bc2 Bb7 10. Re1 Re8 11. d4 Nbd7 12. Bg5 h6 13. Bh4 a6 14. Nbd2 c5 15.
Nf1 Rc8 16. Rc1 Nd5 17. Bg3 b5 18. a4 N7b6 19. axb5 axb5 20. dxc5 dxc5 21. Qd3
Nf6 22. Qxb5 Bxf3 23. gxf3 Nbd5 24. c4 Nb4 25. Red1 1-0

[Event "SR 2. liga A 2007/2008"]
[Site "?"]
[Date "2008.03.09"]
[Round "11.8"]
[White "Jelenciak, Jozef"]
[Black "Kahancova, Ivana"]
[Result "1/2-1/2"]
[WhiteElo "1982"]
[BlackElo "1681"]
[Annotator " , "]
[PlyCount "57"]
[EventDate "2007.??.??"]

1. e4 {0} e6 2. d4 d5 3. Nd2 Nf6 4. e5 Nfd7 5. Bd3 c5 6. c3 Nc6 7. Ndf3 Be7 8.
Ne2 cxd4 9. cxd4 f6 10. exf6 Nxf6 11. O-O O-O 12. a3 Bd6 13. Bg5 e5 14. Bxf6
Rxf6 15. dxe5 Nxe5 16. Nxe5 Bxe5 17. Nc3 Rh6 18. g3 Bh3 19. Re1 Bxc3 20. bxc3
Rc8 21. Re5 Rxc3 22. Rxd5 Qb6 23. Qe2 Rc8 24. Rd1 Rf6 25. Rh5 Rh6 26. Bc4+ Kh8
27. Rxh6 Qxh6 28. Qe7 Qf6 29. Qxf6 1/2-1/2

[Event "SR 2. liga A 2007/2008"]
[Site "?"]
[Date "2008.03.09"]
[Round "11.8"]
[White "Sosovicka, Matej"]
[Black "Pekar, Jozef"]
[Result "0-1"]
[WhiteElo "1893"]
[BlackElo "1881"]
[Annotator "jurèák"]
[PlyCount "92"]
[EventDate "2007.??.??"]

1. e4 c6 2. d4 d5 3. Nc3 g6 4. Nf3 Bg4 5. Be2 Bg7 6. Be3 h5 7. Qd2 Nh6 8. O-O-O
dxe4 9. Nxe4 Nf5 10. Bf4 Bxf3 11. Bxf3 Qxd4 12. Qxd4 Nxd4 13. Rhe1 O-O 14. Bxb8
Nxf3 15. gxf3 Rfxb8 16. Rd7 e6 17. Red1 b6 18. Re7 Rd8 19. Rdd7 Rxd7 20. Rxd7
a6 21. Rb7 Rd8 22. c3 f5 23. Ng5 Bh6 24. f4 e5 25. Kc2 Re8 26. Rxb6 exf4 27.
Rxc6 Kg7 28. Ne6+ Kf7 29. Nd4 a5 30. f3 Bg7 31. Kd3 Re3+ 32. Kd2 Bxd4 33. cxd4
Rxf3 34. Ke2 Rh3 35. Ra6 Rxh2+ 36. Kf3 Rxb2 37. Rxa5 Rb4 38. d5 Rd4 39. a4 g5
40. Ra7+ Kf6 41. Ra8 g4+ 42. Kf2 Rxd5 43. a5 Kg5 44. a6 Kh4 45. a7 Rd2+ 46. Ke1
Ra2 0-1

[Event "SR 2. liga A 2008/2009"]
[Site "?"]
[Date "2008.10.11"]
[Round "1.1"]
[White "Federic, Jozef"]
[Black "Gasa, Andrej"]
[Result "1/2-1/2"]
[WhiteElo "2239"]
[BlackElo "2201"]
[PlyCount "64"]
[EventDate "2008.??.??"]

1. d4 Nf6 2. c4 g6 3. Nc3 Bg7 4. e4 d6 5. f4 O-O 6. Nf3 Na6 7. e5 Ne8 8. Be2 c5
9. d5 Bg4 10. Ng5 Bxe2 11. Qxe2 h6 12. Nf3 Nec7 13. O-O Rb8 14. Be3 Qd7 15.
Rae1 b5 16. b3 bxc4 17. bxc4 Rb6 18. Bc1 e6 19. dxe6 Qxe6 20. Ne4 Re8 21. Qf2
d5 22. Nxc5 Nxc5 23. Qxc5 Rc6 24. cxd5 Qxd5 25. Qxd5 Nxd5 26. Nd4 Ra6 27. Re2
Bf8 28. Kh1 Ra4 29. Nb3 Nc3 30. Rc2 Nxa2 31. Bd2 Ra3 32. Nd4 Nb4 1/2-1/2